000
00307nam a2200121Ia 4500
008
190802s9999 xx 000 0 und d
020
_a
978-969-9557-02-6
100
_a
Doctor Mohammad Ali Siddiqui
245
0
_a
Faiz Ahmed Faiz
260
_a
Lahore
_b
Peace Publications
_c
2011
300
_a
184:p
942
_c
BK
999
_c
2513
_d
2513